Statistiques concernant Villes de Suisse - Carte Quiz

Cliquez ici pour prendre le quiz!

Statistiques générales

  • Ce quiz a été pris 5 824 fois
  • Le résultat moyen est 7 sur 12

Réponses sur la Carte

Les réponses sont colorées sur une échelle allant du rouge au vert en fonction du pourcentage des utilisateurs qui les ont devinées à leur premier essai. Vous pouvez retrouver ces pourcentages ci-dessous.
 

Statistiques - réponses

Réponse% Correct
Genève
89%
Lausanne
80%
Bâle
77%
Berne
71%
Lugano
65%
Neuchâtel
64%
Zurich
59%
Sion
56%
Saint-Gall
50%
Lucerne
45%
Coire
42%
Winterthour
41%

Distribution des résultats

Percentile par nombre de réponses

% des personnes avec chaque résultat

Votre développement - résultats

Vous n’avez pas pris ce quiz